000 00615nam a2200217Ia 4500
003 OSt
005 20221006152002.0
006 a|||||r|||| 00| 0
007 ta
008 221006b |||||||| |||| 00| 0 eng d
024 _a24,131
037 _bGift,
_cTextual
040 _aEASL
_cEASL
_beng
041 _2eng
_aeng
100 _aBERTON Peter, etc.
_9660476
245 0 _aJapanese training and research in the Russian field
260 _aLos
_bAngeles University of Southern California Press
_c1956
300 _a266p.
_ccm.
942 _cTEXL
_2CC
999 _c1092217
_d1092217